I Congreso Nacional sobre Biodiversidad : (Registro nro. 882)
[ vista simple ]
| 000 -CABECERA | |
|---|---|
| Campo de control | 00908cam a2200205 a 4500 |
| 005 - FECHA Y HORA DE LA ULTIMA TRANSACCION | |
| Campo de control | 20160923154231.0 |
| 008 - ELEMENTOS DE LONGITUD FIJA—INFORMACION GENERAL | |
| Campo de control | 020411s1994 ck r 10010 spa d |
| 040 ## - FUENTE DE CATALOGACIÓN | |
| Agencia catalogadora original | la |
| Agencia transcriptora | la |
| 041 0# - IDIOMA | |
| Código de idioma para texto/pista de sonido o título separado | Español |
| 044 ## - PAÍS DE PUBLICACIÓN | |
| País de publicación | Colombia |
| 082 04 - NUMERO DE CLASIFICACION DECIMAL DEWEY | |
| Número de clasificación | 333.9507 |
| Número del ítem | C74c |
| 111 2# - ASIENTO PRINCIPAL--NOMBRE DE REUNION | |
| Número de la parte/sección/reunión | 1er. |
| Nombre de reunión o de jurisdicción como elemento de entrada | Congreso Nacional sobre Biodiversidad. |
| Fecha de la reunión | (1994 : |
| Lugar de la reunión | Cali) |
| 9 (RLIN) | 76552 |
| 245 10 - MENCION DE TITULO | |
| Título | I Congreso Nacional sobre Biodiversidad : |
| Parte restante del título | programa-resúmenes / |
| Mención de responsabilidad | I Congreso, Santiago de Cali, 4 al 7 de diciembre de 1994. |
| 260 ## - PUBLICACION, DISTRIBUCION, ETC. (PIE DE IMPRENTA) | |
| Lugar de publicación, distribución, etc. | Cali, Colopmbia : |
| Nombre del editor, distribuidor, etc. | Universidad del Valle, Ministerio del Medio Ambiente, |
| Fecha de publicación, distribución, etc. | 1994. |
| 300 ## - DESCRIPCION FISICA | |
| Extensión | 120 páginas ; |
| Dimensiones | 22 x 18 cm. |
| 650 26 - ASIENTO SECUNDARIO DE MATERIA - TERMINO TEMATICO | |
| Término temático o nombre geográfico como elemento de entrada | Biodiversidad |
| Subdivisión geográfica | Colombia |
| Subdivisión de forma | Programas |
| -- | Congresos, conferencias, etc.. |
| 9 (RLIN) | 76553 |
| 650 26 - ASIENTO SECUNDARIO DE MATERIA - TERMINO TEMATICO | |
| Término temático o nombre geográfico como elemento de entrada | Medio ambiente |
| Subdivisión general | Investigación |
| Subdivisión geográfica | Colombia |
| Subdivisión de forma | Congresos, conferencias, etc.. |
| 9 (RLIN) | 76554 |
| 650 26 - ASIENTO SECUNDARIO DE MATERIA - TERMINO TEMATICO | |
| Término temático o nombre geográfico como elemento de entrada | Conservación de la diversidad biológica |
| Subdivisión de forma | Congresos, conferencias, etc.. |
| 9 (RLIN) | 76555 |
| 942 ## - ELEMENTOS ADICIONALES (KOHA) | |
| Sistema de clasificación | Dewey Decimal Classification |
| Tipo de ítem | Libro |
| Withdrawn status | Lost status | Sistema de Clasificación | Damaged status | No para préstamo | Colección | Inventariado | Ubicación Permanente | Ubicación actual | Fecha de adquisición | Fuente de Valor | Valor | Total Checkouts | Número topográfico | Inventario / Código de Barras | Date last seen | Ejemplar | Price effective from | Forma de adquisición | Tipo de material |
|---|---|---|---|---|---|---|---|---|---|---|---|---|---|---|---|---|---|---|---|
| Dewey Decimal Classification | General | Inventariado 2017 | Sala Fabio Quevedo | Sala Fabio Quevedo | 01/08/1999 | Instituto | 39000.00 | LB-333.9507 C74c | 001239 | 04/12/2012 | Ej. 1 | 04/12/2012 | Donación | Libro |